000
00266nam a22001337a 4500
003
SGT
082
_a
340
_b
D16Y
100
_a
YADAV, PANKAJ
245
_a
DOWRY DEATHS- LEGAL PROVISIONS
260
_a
SGTU
_c
2016
300
_a
117
650
_a
LAW
942
_2
ddc
_c
TH
999
_c
20722
_d
20722